| 000 | 00578nam a22002057a 4500 | ||
|---|---|---|---|
| 003 | OSt | ||
| 005 | 20140310182924.0 | ||
| 008 | 130130t xxu||||| |||| 00| 0 eng d | ||
| 020 | _a9789719490609 | ||
| 050 |
_aPS648 _b.Sa129 2010 |
||
| 082 |
_aFIL 899.21109 _bS129 2010 |
||
| 245 |
_aThe pink morgue and other homoerotic stories of mystery and suspense _cSagrado, Jack |
||
| 260 |
_aQuezon City _bKatha _cc1997 |
||
| 300 |
_a132 p. _c22 cm. _bill. |
||
| 521 | _acollege students | ||
| 526 | _c1210L-1700L | ||
| 541 | _j1 | ||
| 562 | _e1 | ||
| 942 |
_2lcc _cBK _kFIL |
||
| 999 |
_c17393 _d17393 |
||